Decade : a hybrid knowledge-based system for catalyst selection /
Guardado en:
| Otros Autores: | |
|---|---|
| Formato: | Manuscrito |
| Idioma: | English |
| Publicado: |
1986.
|
| Materias: | |
| Etiquetas: |
Agregar Etiqueta
Sin Etiquetas, Sea el primero en etiquetar este registro!
|
| LEADER | 00876ntm a22002295a 4500 | ||
|---|---|---|---|
| 001 | EIQ.libpla002688 | ||
| 008 | 070720s1986####paua#####bm###000#0#eng#d | ||
| 005 | 20070720192553.0 | ||
| 245 | 1 | 0 | |a Decade : |b a hybrid knowledge-based system for catalyst selection / |c by René Bañares-Alcántara. |
| 260 | |c 1986. | ||
| 300 | |a xi, 198 p. : |b il., tablas, figuras ; |c 21 cm. | ||
| 502 | |a Tesis (doctorado)-- Carnegie-Mellon University, 1986. | ||
| 500 | |a Director de tesis: Dr. Arthur W. Westerberg. | ||
| 504 | |a Incluye referencias bibliográficas. | ||
| 100 | 1 | |a Bañares-Alcántara, René. |4 dis | |
| 710 | 2 | |a Carnegie-Mellon University |4 dgg. | |
| 650 | 4 | |a Catálisis |x Tesis. | |
| 650 | 4 | |a Catálisis |x Sistemas expertos. | |
| 650 | 4 | |a Catalysis |x Thesis. | |
| 650 | 4 | |a Catalysis |x Expert systems. | |
| 040 | |a AR-BbSID |b spa |c AR-BbSID | ||
| 859 | |a AR-BbSID |b BIB. PLAPIQUI |h 541.395 |i B 1 |p 2011 | ||
